<?xml version='1.0' encoding='UTF-8'?>
  <record xmlns="http://www.loc.gov/MARC21/slim">
    <leader>00000cam a2200000 i 4500</leader>
    <controlfield tag="001">ocm65227636</controlfield>
    <controlfield tag="003">OCoLC</controlfield>
    <controlfield tag="005">20241013151440.6</controlfield>
    <controlfield tag="008">900322s1941    ne a     m    000 0 dut d</controlfield>
    <datafield tag="040" ind1=" " ind2=" ">
      <subfield code="a">NLGGC</subfield>
      <subfield code="b">dut</subfield>
      <subfield code="e">fobidrtb</subfield>
      <subfield code="c">NLGGC</subfield>
      <subfield code="d">AGL</subfield>
      <subfield code="d">OCLCQ</subfield>
      <subfield code="d">WURST</subfield>
      <subfield code="d">OCLCL</subfield>
      <subfield code="d">OCLCQ</subfield>
    </datafield>
    <datafield tag="016" ind1="7" ind2=" ">
      <subfield code="a">CAT10717789</subfield>
      <subfield code="2">DNAL</subfield>
    </datafield>
    <datafield tag="024" ind1="7" ind2="0">
      <subfield code="a">000365674</subfield>
      <subfield code="2">CLC</subfield>
    </datafield>
    <datafield tag="029" ind1="0" ind2=" ">
      <subfield code="a">NLGGC</subfield>
      <subfield code="b">059802340</subfield>
    </datafield>
    <datafield tag="029" ind1="1" ind2=" ">
      <subfield code="a">HEBIS</subfield>
      <subfield code="b">27092437X</subfield>
    </datafield>
    <datafield tag="035" ind1=" " ind2=" ">
      <subfield code="a">(OCoLC)65227636</subfield>
    </datafield>
    <datafield tag="041" ind1="0" ind2=" ">
      <subfield code="a">dut</subfield>
      <subfield code="b">dut</subfield>
      <subfield code="b">ger</subfield>
    </datafield>
    <datafield tag="070" ind1="0" ind2=" ">
      <subfield code="a">41.2</subfield>
      <subfield code="b">H678</subfield>
    </datafield>
    <datafield tag="072" ind1=" " ind2="0">
      <subfield code="a">L800</subfield>
    </datafield>
    <datafield tag="100" ind1="1" ind2=" ">
      <subfield code="a">Hofstra, Hendrik.</subfield>
    </datafield>
    <datafield tag="245" ind1="1" ind2="3">
      <subfield code="a">De chemische verhoudingen in den geboorteweg van het rund, in verband met puerperale infectie /</subfield>
      <subfield code="c">door Hendrik Hofstra.</subfield>
    </datafield>
    <datafield tag="260" ind1=" " ind2=" ">
      <subfield code="a">Sneek :</subfield>
      <subfield code="b">Kooij &amp; Visser,</subfield>
      <subfield code="c">1941.</subfield>
    </datafield>
    <datafield tag="300" ind1=" " ind2=" ">
      <subfield code="a">130 p. :</subfield>
      <subfield code="b">ill. ;</subfield>
      <subfield code="c">23 cm</subfield>
    </datafield>
    <datafield tag="502" ind1=" " ind2=" ">
      <subfield code="a">Proefschrift Utrecht.</subfield>
    </datafield>
    <datafield tag="504" ind1=" " ind2=" ">
      <subfield code="a">Met samenvattingen in het Nederlands en Duits.</subfield>
    </datafield>
    <datafield tag="650" ind1="1" ind2="7">
      <subfield code="a">Slijmvliezen.</subfield>
      <subfield code="2">gtt</subfield>
    </datafield>
    <datafield tag="650" ind1="1" ind2="7">
      <subfield code="a">Vagina.</subfield>
      <subfield code="2">gtt</subfield>
    </datafield>
    <datafield tag="650" ind1="1" ind2="7">
      <subfield code="a">Puerpale infectie.</subfield>
      <subfield code="2">gtt</subfield>
    </datafield>
    <datafield tag="650" ind1="1" ind2="7">
      <subfield code="a">Runderen.</subfield>
      <subfield code="2">gtt</subfield>
    </datafield>
    <datafield tag="653" ind1="0" ind2="0">
      <subfield code="a">geboorte</subfield>
    </datafield>
    <datafield tag="653" ind1="0" ind2="0">
      <subfield code="a">birth</subfield>
    </datafield>
    <datafield tag="653" ind1="0" ind2="0">
      <subfield code="a">rundvee</subfield>
    </datafield>
    <datafield tag="653" ind1="0" ind2="0">
      <subfield code="a">cattle</subfield>
    </datafield>
    <datafield tag="653" ind1="0" ind2="0">
      <subfield code="a">melkziekte</subfield>
    </datafield>
    <datafield tag="653" ind1="0" ind2="0">
      <subfield code="a">parturient paresis</subfield>
    </datafield>
    <datafield tag="653" ind1="0" ind2="0">
      <subfield code="a">diergeneeskunde</subfield>
    </datafield>
    <datafield tag="653" ind1="0" ind2="0">
      <subfield code="a">veterinary science</subfield>
    </datafield>
    <datafield tag="653" ind1="1" ind2="0">
      <subfield code="a">Cattle</subfield>
    </datafield>
    <datafield tag="653" ind1="1" ind2="0">
      <subfield code="a">Rundvee</subfield>
    </datafield>
    <datafield tag="655" ind1=" " ind2="7">
      <subfield code="a">Proefschriften (vorm)</subfield>
      <subfield code="2">gtt</subfield>
    </datafield>
    <datafield tag="758" ind1=" " ind2=" ">
      <subfield code="a">De chemische verhoudingen in den geboorteweg van het rund, in verband met puerperale infectie (Text)</subfield>
      <subfield code="1">https://id.oclc.org/worldcat/entity/E39PCYpc96m4GHpPVVhGbpTKtX</subfield>
      <subfield code="4">https://id.oclc.org/worldcat/ontology/hasWork</subfield>
    </datafield>
    <datafield tag="936" ind1=" " ind2=" ">
      <subfield code="a">BATCHLOAD</subfield>
    </datafield>
  </record>